| 000 | 01163cam a22003015a 4500 | ||
|---|---|---|---|
| 001 | 13657348 | ||
| 005 | 20051011115444.0 | ||
| 008 | 040716s2002 enk b 001 0 eng | ||
| 015 | _aGBA2-V9292 | ||
| 020 | _a0140288473 | ||
| 020 | _a9780140288476 | ||
| 035 | _a(OCoLC)ocm50270851 | ||
| 040 |
_aUKM _cUKM _dOCLCQ _dIWA _dAZS _dDLC |
||
| 042 | _alccopycat | ||
| 082 | 0 | 4 |
_a320.941 _222 _bPAX |
| 100 | 1 |
_aPaxman, Jeremy, _d1950- _923752 |
|
| 245 | 1 | 4 |
_aThe Political Animal : _bAn Anatomy / _cJeremy Paxman. |
| 260 |
_aLondon : _bPenguin Books, 2006 _c2002. |
||
| 300 |
_axi, 340 p. ; _c25 cm. |
||
| 504 | _aIncludes bibliographical references (p. 310-325) and index. | ||
| 541 | _aMr. Bill Simpson ; | ||
| 650 | 0 |
_aPoliticians _zGreat Britain _xPublic opinion. _923753 |
|
| 651 | 0 |
_aGreat Britain _xPolitics and government _y20th century. _923754 |
|
| 653 |
_bPol _cMay2011 |
||
| 942 |
_2ddc _cBB |
||
| 999 |
_c15267 _d15267 |
||